Gua̕ de intervencin̤ administrativa y judicial con menores de proteccin̤

Detalles Bibliográficos
Autor principal: Jos ̌Abascal Monedero, Pablo
Otros Autores: Nieto Morales, Concepcin̤, Valpuesta Contreras, Daniel
Formato: eBook
Lenguaje:español
Publicado: Madrid: Dykinson, 2014
Materias:
Acceso en línea:Acceso restringido

MARC

LEADER 00000nam a22000007a 4500
005 20140508013020.0
007 cr|||| ||||
008 140508s2014 es |||||s|||| 00||0 spa d
020 |a 978-84-9031-835-5 
035 |a 12124 
040 |a vLex 
090 |c 4919  |d 4919 
100 1 |a Jos ̌Abascal Monedero, Pablo 
245 1 0 |a Gua̕ de intervencin̤ administrativa y judicial con menores de proteccin̤  |h [Recurso electrn̤ico] /  |c Pablo Jos ̌Abascal Monedero, Concepcin̤ Nieto Morales, Daniel Valpuesta Contreras 
256 |a Servicio en ln̕ea 
260 |a Madrid:  |b Dykinson,  |c 2014 
300 |a 1 recurso electrn̤ico 
500 |a La obra es un manual escrito por tres profesionales de gran experiencia en el trabajo con menores, en el que analizan, en una primera parte, los presupuestos legales del sistema de proteccin̤; y en una segunda parte, los presupuestos sociolg̤icos del sistema de proteccin̤ de menores. La conjuncin̤ de ambos estudios permite que el manual vaya dirigido a los profesionales, tanto de la rama jurd̕ica como social, que desarrollen su intervencin̤ profesional con menores de proteccin̤ o que pretendan hacerlo, as ̕como a los estudiantes de estas disciplinas. 
506 1 |a Disponible solo en los productos indicados  |d vLex Global  |d vLex Global (Academic Edition, excluding Law Schools)  |d vLex Global (U.S. Academic Edition, Law Schools)  |d vLex Global (U.S. Academic Edition, excluding Law Schools)  |d vLex Global (Academic Edition, Law Schools) 
650 0 4 |a Derecho Civil  |z Espaą 
700 1 |a Nieto Morales, Concepcin̤ 
700 1 |a Valpuesta Contreras, Daniel 
740 0 |a vLex Libros (Servicio en ln̕ea) 
856 4 0 |u http://vlex.com/source/guia-de-intervencion-administrativa-y-judicial-con-menores-de-proteccion-12124  |z Acceso restringido 
942 |c BOOK 
999 0 |a Civil Law